000 00675nam a2200205 i 4500
001 77790
003 ES-MaACL
005 20231228063206.0
007 t|
008 041110s1902 sp ||||1| spa d
080 _a82.08
100 1 _aNavarro y Ledesma, F.,
_d1869-1905
_985189
245 1 0 _aLecciones de literatura explicadas en el Instituto de San Isidro, de Madrid
_b: . Primera parte : preceptiva general /
_cpor F[rancisco] Navarro y Ledesma.
250 _a3ยช ed.
260 _aMadrid :
_b[s.n.],
_c1902.
300 _a168 p. ;
_c23 cm.
650 4 _aPreceptiva literaria.
_9150091
852 _aES-MaACL
_jE-10293
_bR.133697
999 _c77790
_d77790